William Shakespeare, Richard II /

Bibliographic Details
Other Authors: Coyle, Martin
Format: Book
Language:English
Published: Duxford, England: New York : Icon Books ; Columbia University Press, 1998.
Series:Icon critical guides
Subjects:
Classic Catalogue: View this record in Classic Catalogue
LEADER 01421nam a2200313 a 4500
001 0017416
003 BD-DhAAL
008 090804r1998 enk b 001 0 eng d
010 |a \\\98039520  
020 |a 0231115369 (cloth : acid-free paper) 
020 |a 0231115377 (pbk. : acid-free paper) 
020 |a 1874166722 
040 |a DLC  |c DLC  |d DLC  |d BD-DhAAL 
082 0 0 |a 822.33  |2 21 
245 0 0 |a William Shakespeare, Richard II /  |c edited by Martin Coyle. 
246 3 0 |a Richard II 
260 |a Duxford, England:  |b Icon Books ;  |a New York :  |b Columbia University Press,  |c 1998. 
300 |a 192 p. ;  |c 20 cm 
490 0 |a Icon critical guides 
504 |a Includes bibliographical references (pages 184-187) and index. 
526 |a ENH  |x Professor Syed Manzoorul Islam Coordinator Department of English and Humanities BRAC University 
541 1 |e 0017416  |a Friends' Book Corner 
600 1 0 |a Shakespeare, William,  |d 1564-1616.  |t King Richard II.  |9 58051 
600 0 0 |a Richard,  |b II,  |c King of England,  |d 1367-1400  |x In literature.  |9 58052 
700 1 |a Coyle, Martin.  |9 58053 
852 4 |a Ayesha Abed Library  |c General Stacks 
942 0 0 |0 1  |2 ddc  |c BK 
999 |c 3701  |d 3701 
952 |0 0  |1 0  |2 ddc  |4 0  |6 822_330000000000000_WIL  |7 0  |9 3361  |a BRACUL  |b BRACUL  |c GEN  |d 2009-09-03  |e Friends' Book Corner  |g 1150.00  |l 9  |m 6  |o 822.33 WIL  |p 3010017416  |r 2025-07-29  |s 2025-06-17  |t 1  |w 2009-09-03  |y BK  |x Requisitioned by Professor Syed Manzoorul Islam (Coordinator).